000 00923nam a22002777a 4500
003 DO-SdBPM
005 20250729121831.0
007 ta
008 250729b1982 mx || 00| 0 spa d
040 _aDO-SdBPM
_bspa
_cBPMSU
_drda
050 _b
082 4 _a693.542
_bL735d 1982
_222
100 1 _aTuno,-Yen Lin,
_d1911-
_eautor
245 _aDiseño de estructuras de concreto preesforzado /
_c T. Y. Lin ; traductor : Roberto Martínez Guerra.
264 _aMéxico :
_bEditorial Continental,
_c1982
300 _a701 páginas ;
_c24 cm
336 _atexto
_btxt
_2rdacontent
337 _asin mediación
_bn
_2rdamedia
338 _avolumen
_bnc
_2rdacarrier
500 _aIncluye bibliografía e índice.
590 _aInventariado, 2025/VM
650 7 _aConstrucciones de hormigón pretensado.
650 7 _aEstructuras de hormigón.
910 _aVMateo V. Control de calidad. BPMSU
942 _2ddc
_cBK
999 _c15287
_d15287